000 00525nam a2200145Ia 4500
008 100122s9999 xx 000 0 und d
082 _b15067
_a822
100 _aशेट्ये चंद्रकान्त
245 _aअसून अडचण नसून खोळंबा
260 _bशेटये प्रकाशन
_c1968
300 _a79
630 _aअसून अडचण नसून खोळंबा
730 _aअसून अडचण नसून खोळंबा
942 _cBOOK
999 _c405407
_d405404